000 00225nam a22000977a 4500
003 OSt
008 210113b ||||| |||| 00| 0 eng d
100 _aKrishnan Nair, M
_94847
245 _aAadhunika malayala kavitha
942 _cBK
999 _c16463
_d16463